000
00304nam a22001337a 4500
008
171027b xxu||||| |||| 00| 0 eng d
020
_a
9780030754814
041
_a
eng
080
_2
6 ED
_a
336
100
_a
56
101
_a
FIN
245
_a
PERSONAL FINANCIA PLANING
_c
JOEHNA.M.D
942
_2
udc
_c
BK
999
_c
36120
_d
36120